LEADER 02230nas 2200409 n 450 001 990008911800403321 005 20240229084308.0 011 $a0365-0057 035 $a000891180 035 $aFED01000891180 035 $a(Aleph)000891180FED01 035 $a000891180 091 $2CNR$aP 00000144 100 $a20090724a19539999km-y0itaa50------ba 101 0 $aita 102 $aIT 110 $aauu-------- 200 1 $aAtti dell'Accademia delle Scienze dell'Istituto di Bologna. Classe di Scienze Fisiche. Rendiconti 207 1$a1953- 210 $aBologna$cAccademia delle scienze dell'Istituto di Bologna 430 0$1001000903889$12001$aRendiconto delle sessioni dell'Accademia delle Scienze dell'Istituto di Bologna. Classe di Scienze Fisiche 530 0 $aAtti dell'Accademia delle Scienze dell'Istituto di Bologna. Classe di Scienze Fisiche. Rendiconti 675 $a53 712 02$aAccademia delle scienze dell'Istituto di Bologna.$bClasse di scienze fisiche 801 0$aIT$bACNP$c20090723 859 4 $uhttp://acnp.cib.unibo.it/cgi-ser/start/it/cnr/dc-p1.tcl?catno=81&person=false&language=ITALIANO&libr=&libr_th=unina1$zBiblioteche che possiedono il periodico 901 $aSE 912 $a990008911800403321 958 $aBiblioteca. Dipartimento di Chimica. Complesso Universitario di Monte S. Angelo.$b1954-1960;$fDCH 958 $aBiblioteca Centralizzata. Facoltà di Agraria dell'Università Federico II di Napoli$b1953-1986;$fFAGBC 959 $aDCH 959 $aFAGBC 996 $aAtti dell'Accademia delle Scienze dell'Istituto di Bologna. Classe di Scienze Fisiche. Rendiconti$9800032 997 $aUNINA AP1 8 $6866-01$aNA007 Biblioteca. Dipartimento di Chimica. Complesso Universitario di Monte S. Angelo.$evia Cinthia 4, 80126 Napoli (NA)$m081674497-081674488$m081674090$nit AP1 8 $6866-02$aNA087 Biblioteca Centralizzata. Facoltà di Agraria dell'Università Federico II di Napoli$ev. Università, 100 Palazzo Reale, 80055 Portici (NA)$m081-2539322$m081-7760229$nit AP2 40$aacnp.cib.unibo.it$nACNP Italian Union Catalogue of Serials$uhttp://acnp.cib.unibo.it/cgi-ser/start/it/cnr/df-p.tcl?catno=81&language=ITALIANO&libr=&person=&B=1&libr_th=unina&proposto=NO LEADER 01778nas 2200553- 450 001 9910891541703321 005 20240918213018.0 011 $a2753-8516 035 $a(DE-599)ZDB3185801-6 035 $a(OCoLC)1417093698 035 $a(CKB)26230725200041 035 $a(CONSER)--2024204229 035 $a(EXLCZ)9926230725200041 100 $a20240111a20239999 --- a 101 0 $aeng 135 $aur||||||||||| 181 $2rdacontent 182 $2rdamedia 183 $2rdacarrier 200 00$aResearch directions$iCyber-physical systems 210 1$aCambridge :$cCambridge University Press,$d[2023]- 215 $a1 online resource 517 1 $aCyber-physical systems 517 1 $aResearch directions: CPS 517 1 $aCPS 531 0 $aRes. dir., Cyber-phys. syst. 606 $aMachine learning$vPeriodicals 606 $aComputer networks$vPeriodicals 606 $aCooperating objects (Computer systems)$vPeriodicals 606 $aComputer Communication Networks 606 $aMachine Learning 606 $aApprentissage automatique$vPériodiques 606 $aRéseaux d'ordinateurs$vPériodiques 606 $aObjets coopérants (Systèmes informatiques)$vPériodiques 606 $aRéseaux d'ordinateurs 608 $aPeriodical 615 0$aMachine learning 615 0$aComputer networks 615 0$aCooperating objects (Computer systems) 615 2$aComputer Communication Networks 615 2$aMachine Learning 615 6$aApprentissage automatique 615 6$aRéseaux d'ordinateurs 615 6$aObjets coopérants (Systèmes informatiques) 615 6$aRéseaux d'ordinateurs. 906 $aJOURNAL 912 $a9910891541703321 996 $aResearch directions$94235092 997 $aUNINA LEADER 04127nam 22006855 450 001 9910299681403321 005 20200630173626.0 010 $a981-287-263-9 024 7 $a10.1007/978-981-287-263-0 035 $a(CKB)3710000000281694 035 $a(EBL)1966712 035 $a(OCoLC)895661083 035 $a(SSID)ssj0001386208 035 $a(PQKBManifestationID)11798987 035 $a(PQKBTitleCode)TC0001386208 035 $a(PQKBWorkID)11350080 035 $a(PQKB)10748950 035 $a(DE-He213)978-981-287-263-0 035 $a(MiAaPQ)EBC1966712 035 $a(PPN)183089863 035 $a(EXLCZ)993710000000281694 100 $a20141114d2015 u| 0 101 0 $aeng 135 $aur|n|---||||| 181 $ctxt 182 $cc 183 $acr 200 10$aBuilding Maintenance Processes and Practices $eThe Case of a Fast Developing Country /$fby Abdul Lateef Olanrewaju, Abdul-Rashid Abdul-Aziz 205 $a1st ed. 2015. 210 1$aSingapore :$cSpringer Singapore :$cImprint: Springer,$d2015. 215 $a1 online resource (352 p.) 300 $aDescription based upon print version of record. 311 $a981-287-262-0 320 $aIncludes bibliographical references at the end of each chapters and index. 327 $aOverview -- An Overview of the Construction Industry -- Maintenance of Academic Buildings -- Malaysian Education System and University Buildings -- Building Maintenance Processes, Principles, Procedures, Practices and Strategies -- Methodological Issues -- Sustainability Maintenance Initiatives -- Conclusions and Recommendations. 330 $aThis book is designed to be an inclusive for the best practice approach to building maintenance management, where the processes, procedures and operational systems meet a high standard of professional and academic competence. It offers a different perspective on building maintenance management by presenting the schematic building maintenance value chain model and it?s implementation in Malaysian university buildings. The findings show an improvement to building performance, lower maintenance cost, building sustainability and increased maintenance service user satisfaction. The learning outcomes and summaries provided for each chapter and the extensive use of tables and figures add to the readability of the text. Though the book is based on data from Malaysia, it is useful for a much wider audience, and the informal writing style makes it an interesting reference source. This book is valuable for readers who are practitioners, professionals and for academic institutions that offer courses in the building field, including architecture, quantity surveying, civil engineering, building and facility management, property management, real estate. It will also be of interest to governments and others involved in the construction industry.   . 606 $aBuildings$xRepair and reconstruction 606 $aBuildings?Repair and reconstruction 606 $aEnergy consumption 606 $aBuildings 606 $aBuilding Repair and Maintenance$3https://scigraph.springernature.com/ontologies/product-market-codes/T23055 606 $aEnergy Efficiency$3https://scigraph.springernature.com/ontologies/product-market-codes/118000 606 $aBuilding Types and Functions$3https://scigraph.springernature.com/ontologies/product-market-codes/K13004 615 0$aBuildings$xRepair and reconstruction. 615 0$aBuildings?Repair and reconstruction. 615 0$aEnergy consumption. 615 0$aBuildings. 615 14$aBuilding Repair and Maintenance. 615 24$aEnergy Efficiency. 615 24$aBuilding Types and Functions. 676 $a620 676 $a658.26 676 $a690.24 676 $a725-728 700 $aOlanrewaju$b Abdul Lateef$4aut$4http://id.loc.gov/vocabulary/relators/aut$0720786 702 $aAbdul-Aziz$b Abdul-Rashid$4aut$4http://id.loc.gov/vocabulary/relators/aut 906 $aBOOK 912 $a9910299681403321 996 $aBuilding Maintenance Processes and Practices$92542719 997 $aUNINA